| 000 | 02519nam a2200541Ii 4500 | ||
|---|---|---|---|
| 001 | DIGMECD0040 | ||
| 003 | NyNyDIG | ||
| 008 | 140820s2011 sp a ob 000 0 spa d | ||
| 006 | m o d | ||
| 007 | cr ||||||||||| | ||
| 035 | _a(OCoLC)893890934 | ||
| 040 |
_aDGITA _beng _erda _epn _cDGITA |
||
| 020 |
_a9788436950786 _q(eBook) |
||
| 020 |
_a843695078X _q(eBook) |
||
| 020 | _z8436943163 | ||
| 020 | _z9788436943160 | ||
| 024 | 7 |
_a820-11-194-X _2nipo |
|
| 024 | 7 |
_a10.4438/978-84-369-5078-6 _2doi |
|
| 043 | _ae-sp--- | ||
| 050 | 1 | 4 | _aLB1028.3 eBook |
| 245 | 0 | 0 |
_aUso de estándares aplicados a TIC en educación / _cdirección del informe: Baltasar Fernández Manjón ; autores, Baltasar Fernández Manjón, Pablo Moreno Ger, José Luis Sierra Rodríguez, Iván Martínez Ortiz. |
| 264 | 1 |
_a[Madrid] : _bInstituto de Tecnologías Educativas (ITE), Ministerio de Educación, _c2011. |
|
| 264 | 3 |
_a[Madrid] : _bSecretaría General Técnica, Subdirección General de Documentación y Publicaciones |
|
| 300 |
_a1 online resource (185 pages) : _bcolor illustrations. |
||
| 336 |
_atext _btxt _2rdacontent |
||
| 337 |
_acomputer _bc _2rdamedia |
||
| 338 |
_aonline resource _bcr _2rdacarrier |
||
| 490 | 1 |
_aSerie Informes ; _v16 |
|
| 504 | _aIncludes bibliographical references. | ||
| 505 | 0 | _aConceptos básicos -- Especificaciones y estándares más utilizados en e-learning -- | |
| 588 | 0 | _aOnline resource; title from ePub and PDF title page (Digitalia, viewed Aug. 22, 2014) | |
| 650 | 0 |
_aEducational technology _xStandards _zSpain. |
|
| 650 | 0 |
_aInformation technology _xStandards _zSpain. |
|
| 650 | 0 |
_aInternet in education _xStandards _zSpain. |
|
| 650 | 0 |
_aEducation _xStandards _zSpain. |
|
| 655 | 0 | _aElectronic books. | |
| 700 | 1 |
_aFernández Manjón, Baltasar, _eeditor, _eauthor. |
|
| 700 | 1 |
_aMoreno Ger, Pablo, _eauthor. |
|
| 700 | 1 |
_aSierra Rodríguez, José Luis, _eauthor. |
|
| 700 | 1 |
_aMartínez Ortiz, Iván, _eauthor. |
|
| 791 | 2 |
_aDigitalia (Firm), _edistributor. |
|
| 793 | 0 |
_gDigitalia eBook Collection: _aMinisterio de Educación, Cultura y Deporte de España |
|
| 776 | 0 | 8 |
_iCD-ROM version: _tUso de estándares aplicados a TIC en educación. _dMadrid : CNICE, Centro Nacional de Información y Comunicación Educativa, [2007] _z8436943163 |
| 830 | 0 |
_aSerie Informes (Instituto de Tecnologías Educativas (Spain)) ; _vno. 16. |
|
| 856 | 4 | 0 |
_3Digitalia Hispánica _uhttps://www.digitaliapublishing.com/a/14717/ |
| 910 | _aPremium Collection: 2014 | ||
| 942 | _cRAA | ||
| 999 |
_c233681 _d233681 |
||